000 00718cam a22002055a 4500
001 L150029
008 100525e2010 xxk 000 0 eng d
035 _a(Sirsi) u150029
041 0 _aeng
100 1 _aWing-shing, Lau
245 0 2 _aA scientific approach to costing construction materials wastage
260 _c2010
490 _aProject Control Professional
_v43(3) May 2010, 11-14(4)
520 _aTechnical paper uses a working example; statistical analysis; statistical software; statistical methods.
590 _aKA
651 4 _aWorldwide
690 _aBUILT ENVIRONMENT-QUANTITY SURVEYING-CONSTRUCTION COST ESTIMATING
690 _aENVIRONMENTAL AND LAND CONSULTANCY-WASTE MANAGEMENT
942 _n0
999 _c82363
_d82363